000 00742nam a2200181 a 4500
001 000234395
003 AM-YeHGA
005 20250618071602.0
008 030613s1900 ai 000 | arm d
040 _aAM-YeHGA
100 1 _aԱռաքելյան, Համբարձում Աստվածատուրի,
_d1855-1918
_9873
245 1 0 _aՄիլտօն :
_bՆրա կեանքը եւ գրական գործունէութիւնը /
_cԿազմ.՝ Հ. Առաքելեան.
260 _aԹիֆլիս :
_bտպ. Տ.Մ. Ռօտինեանցի,
_c1900.
300 _a135 էջ ;
_c18 սմ.
440 0 _aԹիֆլիսի հայոց հրատարակչական ընկերություն
_v186
504 _aՄատենագիտ.՝ հայ. և օտար լեզ.
090 _c84080
999 _c82807
_d82807